| 000 | 01180nam a2200313Ia 4500 | ||
|---|---|---|---|
| 001 | ebr10599654 | ||
| 003 | CaPaEBR | ||
| 006 | m u | ||
| 007 | cr cn||||||||| | ||
| 008 | 831024s1982 gw a sb 001 0 eng d | ||
| 020 | _z9027931208 (pbk.) | ||
| 020 | _z9783110828306 | ||
| 020 | _z9789027931207 | ||
| 040 |
_aCaPaEBR _cCaPaEBR |
||
| 035 | _a(OCoLC)815508886 | ||
| 050 | 1 | 4 |
_aP37.5.S67 _bS55 1982eb |
| 082 | 0 | 4 |
_a401/.9 _219 |
| 245 | 0 | 0 |
_aSlips of the tongue and language production _h[electronic resource] / _cedited by Anne Cutler. |
| 260 |
_aBerlin ; _aNew York : _bMouton Publishers, _cc1982. |
||
| 300 |
_a293 p. : _bill. |
||
| 504 | _aIncludes bibliographical references and indexes. | ||
| 533 |
_aElectronic reproduction. _bPalo Alto, Calif. : _cebrary, _d2011. _nAvailable via World Wide Web. _nAccess may be limited to ebrary affiliated libraries. |
||
| 650 | 0 | _aSpeech errors. | |
| 650 | 0 | _aLanguage and languages. | |
| 655 | 7 |
_aElectronic books. _2local |
|
| 700 | 1 | _aCutler, Anne. | |
| 710 | 2 | _aebrary, Inc. | |
| 856 | 4 | 0 |
_uhttp://site.ebrary.com/lib/rucke/Doc?id=10599654 _zAn electronic book accessible through the World Wide Web; click to view |
| 999 |
_c110881 _d110881 |
||